000 00291nam a22001337a 4500
008 170529b xxu||||| |||| 00| 0 eng d
020 _a2900205484941
041 _aeng
080 _a93
100 _a16
101 _aSHH
245 _aIN CONFLICT AND ORDER
_cEITZEN, D.S
942 _2udc
_cBK
999 _c14936
_d14936